000 00992nam a2200205 a 4500
999 _c7968
_d7968
003 OSt
005 20241118131039.0
008 130130s2009||||||||||||||||||||||||||||d
040 _aCDMR
_bcat
_cCDMR
110 _94391
_aConsell de la Informació de Catalunya
245 0 _aRecomanacions per un periodisme no sexista i el tractament de la violència masclista [Recurs electrònic]
_c/ Consell de la Informació de Catalunya ; [col·labora: Col·legi de Periodistes de Catalunya, Associació de Dones Periodistes de Catalunya]
260 _a[Barcelona]
_b: Fundació CIC
_c, 2020
300 _a1 recurs electrònic (6 pàgines)
650 0 _93818
_aMitjans de comunicació de massa i dones
650 0 _94838
_aViolència envers les dones en els mitjans de comunicació de massa
650 0 _9983
_aÈtica periodística
710 2 _9855
_aAssociació de Dones Periodistes de Catalunya
856 _uhttps://omeka.periodistes.cat/items/show/643
_zAccessible en línia
942 _cRECURS_WEB
_2udc